000
00329nam a22001457a 4500
008
210518b ||||| |||| 00| 0 eng d
020
_a
9780816048625
041
_a
eng
080
_a
070
082
_a
070
100
_a
40
101
_a
MED
245
_a
Career Opportunities in the Film Industry
_c
Yager,F
942
_2
udc
_c
BK
999
_c
57419
_d
57419